Úspešný rozvoj vzájomných vzťahov Do ČSSR pricestovala delegácia KS Grécka

Bibliographic Details
Format: Article
Language:Slovak
Subjects:

MARC

LEADER 00000nab a2200000 a 4500
001 vtls000198921
003 SK-MaSNL
005 20260302205008.0
008 111106c1984 xo 0 slo
015 |a SNBRB19rr/mm-uuuuu 
035 |a CL0209034 
040 |a SNKBUCL  |b slo  |c SNKBUCL  |e AACR2 
041 0 |a slo 
044 |a xo  |c SK 
080 |a 329.15(100-19)(495)  |2 1981 
080 |a 329.15(437)  |2 1981 
080 |a 327(437:495)  |2 1981 
245 0 0 |a Úspešný rozvoj vzájomných vzťahov  |b Do ČSSR pricestovala delegácia KS Grécka 
650 0 7 |a Komunistická strana Grécka  |2 snkbucl  |9 930231 
655 7 |a články z novín a časopisov  |2 snkbucl  |9 267496 
773 0 |t Pravda  |g Roč. 65, č. 257 (30. 10. 1984), s. 1-2 
850 |a Slovenská národná knižnica v Martine  |a MTA001 
852 |a SNK  |b KIS3GCP 
958 |a RK 
992 |a RBX 
999 |c 1475921  |d 1477851